Eurovision Song Contest: Nil points - Statistics

General Stats
  • This quiz has been taken 69 times
    18 since last reset
  • The average score is 11 of 21
Answer Stats
Hint Answer % Correct
2 United Kingdom
78%
4 Norway
67%
4 Austria
61%
3 Finland
61%
3 Germany
56%
1 Iceland
56%
2 Netherlands
56%
1 Romania
56%
1 San Marino
56%
3 Spain
56%
4 Switzerland
56%
2 Belgium
50%
1 Italy
50%
2 Portugal
50%
2 Turkey
50%
1 Sweden
44%
1 Yugoslavia
44%
1 Lithuania
39%
1 Monaco
39%
1 Luxembourg
33%
1 Czech Republic
22%
No matching quizzes found
Score Distribution
Percent of People with Each Score
Percentile by Number Answered
Your Score History
You have not taken this quiz since the last reset